000 01061nam a2200265 i 4500
001 bg
245 0 0 _aBadania promieniotwórczości naturalnej surowców i materiałów budowlanych =
_bNatural radioactivity testing of raws and building materials /
_cInstytut Techniki Budowlanej ; [Lesław Brunarski et al.].
246 _iTyt. równol. :
_aNatural radioactivity testing of raws and building materials
260 _aWarszawa :
_bITB,
_c2003.
300 _a29, [1] s. ;
_c24 cm.
490 1 _aInstrukcje, Wytyczne, Poradniki / Instytut Techniki Budowlanej ;
_v234/2003
650 9 _aMateriały budowlane
_xbadanie
_xmetody
650 9 _aPromieniotwórczość
_xbadanie
655 _aInstrukcje
700 1 _aBRUNARSKI, Lesław.
710 0 _aInstytut Techniki Budowlanej
830 0 _aInstrukcje, Wytyczne, Poradniki - Instytut Techniki Budowlanej ;
_v234/2003
020 _a8373707891
040 _cBPK
041 0 _apol
_beng
080 _a691:539.16](083.1)
920 _a83-7370-789-1
942 _cKS
008 s pl f |000 0 pol
999 _c43385
_d43385
856 _uhttp://koha.tu.koszalin.pl/cgi-bin/koha/opac-detail.pl?biblionumber=43385
_yKatalog online BPK